00623 2200205 4500001002100000005001700021008004100038020001800079035002400097082000800121090001500129100001700144245011500161250001400276260003700290300002500327650003600352852001200388990001700400YOGYA-0512000000075320120529183517.0 ind  a979-3631-28-7 0010-051200000000753 a729 a729bAdr P aADRIATI, Ira aPerahu Sunda : Kajian hiasan pada perahu nelayan di pantai utara dan pantai selatan Jawa barat / Ira Ardriati. a-- Cet. 1 aBandungbKiblat Buku Utamac2004 a282 hlmbilusc21 cm aSeni dekorasi-perahu-Jawa Barat aYOPDYOG a6857-Pd/A.05